000 00799nam a2200241Ia 4500
003 OSt
005 20220923221952.0
006 a|||||r|||| 00| 0
007 ta
008 220922b |||||||| |||| 00| 0 hin d
024 _a201,381
037 _cTextual
040 _aARTS
_cARTS
_bhin
041 _2hin
_ahin
082 _aV2:51y7N26, 152L6
100 _aचतुर्वेदी, प्रवीण
245 0 _aस्वप्न चले मिटटी के पॉंव
246 _aSvapna chale miṭaṭī ke paॉanva
260 _aइलाहाबाद
_b परिमल प्रका0
_c1976
300 _a268पृ.
_ccm.
942 _hV2:51y7N26, 152L6
_cTEXL
_2CC
999 _c353034
_d353034